Statystyki dla Powstanie Warszawskie - Quiz z Okazji 75 Rocznicy

Kliknij tutaj aby rozwiązać quiz!

Ogólne statystyki

  • Ten quiz został rozwiązany 271 razy
  • Średni wynik to 10 z 30

Statystyki odpowiedzi

PytanieOdpowiedź% Poprawnych
O której godzinie wybuchło Powstanie Warszawskie?17:00
97%
Podaj pełną datę wybuchu Powstania Warszawskiego (w formacie DD.MM.RRRR)01.08.1944
80%
Jaki kryptonim nosił moment wybuchu Powstania WarszawskiegoGodzina W
70%
Ile dni trwało Powstanie Warszawskie?63
68%
W której z wymienionych dzielnic nie doszło do żadnych walk: Ochota, Wola, Praga Północ, UrsynówUrsynów
64%
Podaj nazwę jednej z dwóch dzielnic Warszawy, które broniły się najdłużejŚródmieście / Żoliborz
59%
Jakie hasło przedstawiała tzw. "kotwiczka"?Polska Walcząca
55%
W ramach jakiej operacji wojskowej zostało przeprowadzone Powstanie Warszawskie?Akcja Burza
50%
W której dzielnicy rozpoczęły się pierwsze walki?Żoliborz
43%
Co oznaczały litery WP znajdujące się opaskach powstańców?Wojsko Polskie
42%
W czasie Powstania pod kryptonimem "Krzyś" walczył znany poeta, jak się nazywał?Krzysztof Kamil Baczyński
40%
Jaką nazwę nosił batalion broniący Pałacyku Michla?Parasol
33%
Jaką nazwę obecnie nosi jedyny ocalały fragment Pałacu Saskiego?Grób Nieznanego Żołnierza
31%
Jaki pseudonim nosił dowódca Powstania Warszawskiego Antoni Chruściel?Monter
30%
W dniach 5 - 7 sierpnia doszło do masowego mordowania cywilów przez nazistów. Jak zostało nazwane te wydarzenie?Rzeź Woli
27%
Jaką nazwę nosi wieżowiec przy ulicy Zielnej o który toczyło się wielodniowe oblężenie?PAST-a
25%
Jak nazywał się komendant główny AK?Tadeusz Komorowski
25%
Jaki pseudonim w czasie Powstania nosił Leopold Okulicki?Niedźwiadek
24%
W jakim mieście znajdował się obóz przejściowy Durchgangslager do którego przewożono ludność cywilną z upadłych dzielnic?Pruszków
23%
Jaką nazwę nosił zbudowany na Powiślu transporter opancerzony którego celem miało być odbicie Uniwersytetu Warszawskiego?Kubuś
21%
Kto był autorem "Pamiętniki z Powstania Warszawskiego"?Miron Białoszewski
21%
Jaką nazwę nosiła Stacja Nadawcza Armii Krajowej?Błyskawica
15%
Jak potocznie powstańcy określali niemieckie wyrzutnie Nebelwafer?Krowy
12%
Podaj datę wycofania się wojsk niemieckich z Warszawy pod naporem Armii Czerwonej17.01.1945
10%
Jak potocznie nazywano "domowej roboty" granat ET-40?Filipinka
10%
Jaki pseudonim nosił Jan Mazurkiewicz, dowódca między innymi oddziałów Zośka i Parasol?Radosław
9%
W jakim mieście została podpisana kapitulacja Powstania WarszawskiegoOżarów
6%
Kto został dowódcą sił niemieckich w Warszawie w czasie Powstania WarszawskiegoErich von dem Bach-Zalewski
4%
Jaką nazwę nosiło kino w którym była wyświetlana kronika wojenna w czasie Powstania Warszawskiego?Palladium
4%
Jaką nazwę nosiła Kwatera Główna Szarych Szeregów?Pasieka
2%

Rozkład punktacji

Percentyl według liczby udzielonych odpowiedzi

Procent ludzi z każdym wynikiem

Twoja historia wyników

Nie rozwiązałeś tego quizu